Missing Word: 'N' Song Endings Quiz Stats

Quiz Updated May 24, 2015

Challenge
Share
Tweet
Embed
Score 0/18 Timer 04:00
0 Plays Today
Song Missing Word % Correct
You Give Love A Bad _____Name
98.5%
A Hard Day's _____Night
98.5%
I Can See Clearly _____Now
96.7%
Wear My Ring Around Your _____Neck
93.1%
_____ Say _____Never
88.8%
Money For _____Nothing
87.9%
Cloud _____Nine
87%
I Keep Forgettin'
(Every Time You're _____)
Near
80.4%
Comfortably _____Numb
80.3%
Song Missing Word % Correct
What You _____Need
76.4%
May The Bird Of Paradise
Fly Up Your _____
Nose
75.2%
Blame It On The Bossa _____Nova
75.2%
In The _____Navy
61%
Rhythm _____Nation
55.3%
Bring The _____Noise
54.2%
Baby Don't Forget My _____Number
53.7%
Human _____Nature
53.4%
White & _____Nerdy
44%

Today's Daily Dose

You're not logged in!

Compare scores with friends on all Sporcle quizzes.
Sign Up with Email
OR
Log In

You Might Also Like...

Show Comments

Extras

Top Quizzes Today


Score Distribution

Your Account Isn't Verified!

In order to create a playlist on Sporcle, you need to verify the email address you used during registration. Go to your Sporcle Settings to finish the process.